[Event "Challenge"]
[Site "http://www.queenalice.com/game.php?id=788987"]
[Date "2010.6.12"]
[Round "-"]
[White "sejalivre"]
[Black "Jose_antonio"]
[Result "0-1"]
[WhiteElo "1677"]
[BlackElo "1714"]

1. e4 c5 2. Nc3 e6 3. Nf3 a6 4. d4 cxd4 5. Nxd4 Qc7 6. b3 Qxc3+ 7. Bd2 Qxd4 8.
Be3 Bb4+ 9. Bd2 Bxd2+ 10. Ke2 Nf6 11. Qxd2 Qxa1 12. f3 Nc6 13. h4 b6 14. g4 a5
15. c3 Ba6+ 16. Kf2 Nb4 17. Bxa6 Qxh1 18. Qe1 Qxh4+ 0-1

[Event "Challenge"]
[Site "http://www.queenalice.com/game.php?id=893433"]
[Date "2011.1.30"]
[Round "-"]
[White "sejalivre"]
[Black "shady66"]
[Result "0-1"]
[WhiteElo "1655"]
[BlackElo "1709"]

1. e4 e5 2. Nf3 d6 3. Bc4 h6 4. O-O Bd7 5. Nc3 Nf6 6. d4 Be6 7. d5 Bg4 8. h3
Bxf3 9. Qxf3 g5 10. a4 Bg7 11. a5 c6 12. b4 a6 13. Rb1 Qc7 14. b5 axb5 15. Nxb5
cxb5 16. Bxb5+ Nbd7 17. c4 Rxa5 18. Bd2 Ra8 19. Rfc1 O-O 20. g3 Nc5 21. h4 g4
22. Qe3 Nfxe4 23. f4 gxf3 24. Qxf3 Nxd2 25. Qg4 Nxb1 26. Rxb1 Qe7 27. h5 f5 28.
Qe2 Qg5 29. Kf2 Ne4+ 30. Ke1 Nxg3 31. Qf2 Nxh5 32. c5 Qd8 33. c6 bxc6 34. Bxc6
Rb8 35. Rd1 f4 36. Qa7 Rf7 37. Qg1 Ng3 38. Rd3 Rb1+ 0-1

[Event "Save the King"]
[Site "http://www.queenalice.com/game.php?id=896471"]
[Date "2011.2.5"]
[Round "-"]
[White "jeffcom2f"]
[Black "sejalivre"]
[Result "1-0"]
[WhiteElo "1879"]
[BlackElo "1662"]

1. e4 e5 2. Nf3 Nc6 3. d4 d5 4. exd5 Qxd5 5. Nc3 Qa5 6. d5 Bb4 7. dxc6 e4 8. Ne5
Qxe5 9. cxb7 Bxb7 10. Bd2 O-O-O 11. Qg4+ f5 12. Qe2 Nf6 13. O-O-O Nd7 14. f4 Qf6
15. Qe3 c5 16. Nd5 Qh6 17. Bxb4 Bxd5 18. Rxd5 cxb4 19. Qxa7 Qxf4+ 20. Kb1 Rhe8
21. Ba6# 1-0

[Event "Let's Play Chess!"]
[Site "http://www.queenalice.com/game.php?id=1406941"]
[Date "2016.1.31"]
[Round "-"]
[White "charles31"]
[Black "sejalivre"]
[Result "1-0"]
[WhiteElo "1806"]
[BlackElo "1647"]

1. e4 e5 2. Nf3 Nc6 3. a3 Bc5 4. Nc3 Nf6 5. Bc4 h6 6. d3 Ng4 7. O-O O-O 8. Nd5
d6 9. h3 Nf6 10. b3 Nh5 11. Bd2 a6 12. b4 Ba7 13. Kh2 g5 14. Nxg5 Nf4 15. Nf3 f5
16. Nxf4+ Kh7 17. Nd5 f4 18. b5 Qe8 19. Nxc7 Qg6 20. Nh4 Qg5 21. Nxa8 Qxh4 22.
Qg4 Bxg4 23. f3 Bd7 24. bxc6 bxc6 25. Be1 Qe7 26. Nc7 Rg8 27. Bxg8+ Kxg8 28.
Nxa6 d5 29. exd5 cxd5 30. Bb4 Qg5 31. Nc5 Bxh3 32. gxh3 e4 33. Rg1 e3 34. Rxg5+
hxg5 35. Ne6 g4 36. hxg4 e2 37. Re1 Bf2 38. Rxe2 Bg3+ 39. Kg2 Kf7 40. d4 Kg6 41.
a4 Bh4 42. Nxf4+ Kg5 43. Nxd5 1-0

[Event "Challenge"]
[Site "http://www.queenalice.com/game.php?id=1407150"]
[Date "2016.2.1"]
[Round "-"]
[White "sejalivre"]
[Black "Racey"]
[Result "0-1"]
[WhiteElo "1527"]
[BlackElo "1492"]

1. e4 e5 2. Nf3 Bd6 3. Bc4 Nf6 4. d4 exd4 5. Nxd4 Nxe4 6. Nf5 Qf6 7. g4 g6 8.
O-O gxf5 9. Qf3 Qh4 10. Bf4 Qxg4+ 11. Qxg4 fxg4 12. Bxd6 Nxd6 13. Re1+ Kd8 14.
Bd5 c6 15. Bg2 h5 16. Nc3 Nc4 17. Ne4 Nxb2 18. Nd6 Rf8 19. a4 f5 20. Re2 f4 21.
f3 a5 22. Rae1 Nxa4 23. h3 Kc7 24. Ne8+ Kb6 25. Rb1+ Kc5 26. Re5+ Kd4 27. Rbe1
d5 28. Nd6 gxh3 29. Rxh5 Rd8 30. Nf5+ Kc3 31. Bf1 Kxc2 32. Nd4+ Kc3 33. Rd1 Nb2
34. Ne2+ Kc2 35. Rc1+ Kd2 36. Rh4 Nd3 37. Ra1 Rg8+ 38. Kh2 Ke3 0-1

[Event "Challenge"]
[Site "http://www.queenalice.com/game.php?id=1407151"]
[Date "2016.2.1"]
[Round "-"]
[White "sejalivre"]
[Black "swampthing"]
[Result "1-0"]
[WhiteElo "1641"]
[BlackElo "1311"]

1. e4 e5 2. Nf3 d6 3. d4 Nc6 4. c3 Nf6 5. Bc4 Be6 6. Bxe6 fxe6 7. Bg5 exd4 8.
cxd4 h6 9. e5 hxg5 10. Nxg5 Rh5 11. Nxe6 Qe7 12. Nxf8 Kxf8 13. h3 Ne4 14. Qxh5
Re8 15. Qf3+ Nf6 16. O-O Kg8 17. Nd2 Nxd4 18. Qxb7 Qxe5 19. Qxc7 Ne2+ 20. Kh1
Ng3+ 21. fxg3 Qxg3 22. Rae1 Ne4 23. Qf7+ Kh7 24. Nxe4 Re5 25. Nxg3 1-0

[Event "Challenge"]
[Site "http://www.queenalice.com/game.php?id=1407152"]
[Date "2016.2.1"]
[Round "-"]
[White "sejalivre"]
[Black "peaceman"]
[Result "1-0"]
[WhiteElo "1639"]
[BlackElo "1156"]

1. e4 e5 2. Nf3 h6 3. Nxe5 d6 4. Nxf7 Qf6 5. Bc4 Rh7 6. d4 g5 7. e5 dxe5 8. Nxe5
Bd6 9. O-O Ne7 10. Qh5+ Kf8 11. Re1 a6 12. Nc3 b5 13. Bd3 Nd7 14. Bxh7 Nxe5 15.
dxe5 Bxe5 16. Be4 Rb8 17. b3 Nc6 18. Bxc6 Rb6 19. Nd5 Qxc6 20. Rxe5 Qc5 21. Qe8+
Kg7 22. Re7+ Qxe7 23. Bb2+ Kh7 24. Nxe7 Re6 25. Qh8# 1-0

[Event "OS INCLIVEIS"]
[Site "http://www.queenalice.com/game.php?id=1409248"]
[Date "2016.2.14"]
[Round "-"]
[White "adelio"]
[Black "sejalivre"]
[Result "1-0"]
[WhiteElo "1686"]
[BlackElo "1573"]

1. d4 f5 2. h4 Nf6 3. h5 Nc6 4. c4 h6 5. Nc3 e6 6. e3 b6 7. Be2 g5 8. hxg6 Ng4
9. Nf3 Nxf2 10. Kxf2 Ne7 11. Ne5 Rg8 12. Bh5 Nxg6 13. Nxg6 Qg5 14. e4 Qf6 15. e5
Qg7 16. Qf3 d5 17. Qh3 Ba6 18. Qh4 Kd7 19. Nxf8+ Qxf8 20. Bf3 Bxc4 21. Bxh6 Qf7
22. Rag1 a5 23. Bh5 Qh7 24. Qf6 f4 25. Qf7+ Qxf7 26. Bxf7 Rg4 27. Bh5 Rgg8 28.
Bxf4 Raf8 29. Ke3 Ba6 30. g4 c5 31. Bh6 cxd4+ 32. Kxd4 Rc8 33. Bf7 Rh8 34. g5 b5
35. g6 Rc4+ 36. Kd3 b4 37. Kd2 Rd4+ 38. Ke1 bxc3 39. bxc3 Re4+ 40. Kd1 Rc8 41.
Bd2 d4 42. Rg3 dxc3 43. Bxc3 Be2+ 44. Kd2 a4 45. g7 Ba6 46. Rh2 Ke7 47. Bxe6
Rd8+ 48. Kc2 Bd3+ 49. Rxd3 Ra8 50. g8=Q Rxg8 51. Bxg8 Rg4 52. Bd5 a3 53. Rh7+
Kf8 54. Rdh3 Rf4 55. Rh8+ Ke7 56. R3h7+ Rf7 57. Rxf7# 1-0

[Event "OS INCLIVEIS"]
[Site "http://www.queenalice.com/game.php?id=1409249"]
[Date "2016.2.14"]
[Round "-"]
[White "sejalivre"]
[Black "adelio"]
[Result "0-1"]
[WhiteElo "1607"]
[BlackElo "1683"]

1. e4 a6 2. Nc3 c5 3. Bc4 e6 4. d3 b5 5. Bb3 Be7 6. Bxe6 dxe6 7. Nf3 Nc6 8. Ng5
Bxg5 9. Qg4 Bf6 10. O-O Ne5 11. Qg3 h5 12. Bg5 Ng4 13. e5 Bxg5 14. Ne4 Be7 15.
h3 Bh4 16. Qf3 Nxe5 17. Qf4 Ng6 18. Nd6+ Ke7 19. Nxf7 Nxf4 20. Nxd8 Kxd8 21. g3
Nxh3+ 22. Kh2 Nxf2 23. Rxf2 Bxg3+ 24. Kxg3 h4+ 25. Kh2 h3 26. Rf8+ Ke7 27. Raf1
Bb7 28. R8f7+ Kd6 29. Rxb7 Nf6 30. Rb6+ Kd5 31. c4+ bxc4 32. dxc4+ Ke5 33. Re1+
Ne4 34. a3 g5 35. Rb7 g4 36. b4 g3+ 37. Kg1 Raf8 38. bxc5 h2+ 39. Kg2 Rf2+ 40.
Kh1 g2# 0-1

[Event "Let's Play Chess!"]
[Site "http://www.queenalice.com/game.php?id=1410938"]
[Date "2016.2.26"]
[Round "-"]
[White "tucuman"]
[Black "sejalivre"]
[Result "1-0"]
[WhiteElo "1617"]
[BlackElo "1623"]

1. b3 e5 2. e4 Nc6 3. Bb2 Bc5 4. a3 d6 5. d3 Nf6 6. h3 O-O 7. Nf3 h6 8. Be2 Nd4
9. O-O Nxf3+ 10. Bxf3 a5 11. Nc3 g6 12. b4 Nh5 13. Bxh5 Bxh3 14. Bf3 Qg5 15. Ne2
f5 16. d4 Ba7 17. Bc1 Qf6 18. gxh3 Qh4 19. Bg2 f4 20. dxe5 f3 21. Ng3 Bxf2+ 22.
Kxf2 fxg2+ 23. Kxg2 Rfe8 24. Rf4 Qg5 25. Rg4 Qe7 26. Rxg6+ Kh7 27. Rxh6+ Kg7 28.
Qg4+ Kf8 29. Rf6+ Qxf6 30. exf6 d5 31. Qg7# 1-0

[Event "Let's Play Chess!"]
[Site "http://www.queenalice.com/game.php?id=1410939"]
[Date "2016.2.26"]
[Round "-"]
[White "tucuman"]
[Black "sejalivre"]
[Result "1-0"]
[WhiteElo "1665"]
[BlackElo "1638"]

1. b3 e5 2. e4 Nc6 3. Bb2 Nf6 4. d3 Bc5 5. h3 O-O 6. Nf3 h6 7. Nxe5 d6 8. Nf3
Bxf2+ 9. Kxf2 Ne5 10. Nxe5 Nh7 11. Nf3 Bxh3 12. gxh3 Ng5 13. Nxg5 Qxg5 14. Qf3
d5 15. Rg1 Qh4+ 16. Ke2 dxe4 17. Rxg7+ Kh8 18. dxe4 f6 19. Rg4 Qh5 20. Rg8+ Rxg8
21. Qxh5 Rae8 22. Qxh6# 1-0

[Event "Let's Play Chess!"]
[Site "http://www.queenalice.com/game.php?id=1411001"]
[Date "2016.2.26"]
[Round "-"]
[White "igorjava"]
[Black "sejalivre"]
[Result "1-0"]
[WhiteElo "1897"]
[BlackElo "1644"]

1. e4 c5 2. Nf3 d6 3. d4 d5 4. exd5 c4 5. Bxc4 Nf6 6. Nc3 h6 7. O-O a6 8. a4 e6
9. dxe6 Bxe6 10. d5 Ng4 11. h3 Nxf2 12. Kxf2 Bxh3 13. gxh3 h5 14. Re1+ Be7 15.
d6 Kd7 16. dxe7+ Kc7 17. exd8=Q+ Rxd8 18. Nd5+ Kc8 19. Ne7+ Kc7 20. Bf4+ Kb6 21.
Qxd8+ Ka7 22. Be3+ b6 23. Qc7# 1-0

[Event "Let's Play Chess!"]
[Site "http://www.queenalice.com/game.php?id=1412009"]
[Date "2016.3.4"]
[Round "-"]
[White "charles31"]
[Black "sejalivre"]
[Result "1-0"]
[WhiteElo "1717"]
[BlackElo "1594"]

1. e4 c6 2. d4 Nf6 3. Nc3 d5 4. e5 Ng4 5. h3 Nxf2 6. Kxf2 Bf5 7. Bd3 e6 8. Nf3
h6 9. a3 g5 10. g4 Bxd3 11. Qxd3 a6 12. Bd2 Be7 13. Raf1 Nd7 14. Ke1 Qb6 15. Na4
Qc7 16. h4 gxh4 17. Nxh4 a5 18. Qf3 Rf8 19. Bxh6 f6 20. Bxf8 Bxf8 21. exf6 Nb6
22. f7+ Kd7 23. Nc5+ Kc8 24. Nxe6 Qd6 25. Nxf8 Nc4 26. Qf5+ Kb8 27. Nd7+ Ka7 28.
f8=Q Qg3+ 29. Qf2 Qxg4 30. Q8f5 Qg7 31. c3 Re8+ 32. Qe2 Qg3+ 33. Qf2 Ne3 34.
Qxg3 Nc2+ 35. Kd1 1-0

[Event "Let's Play Chess!"]
[Site "http://www.queenalice.com/game.php?id=1412012"]
[Date "2016.3.4"]
[Round "-"]
[White "sejalivre"]
[Black "charles31"]
[Result "0-1"]
[WhiteElo "1583"]
[BlackElo "1728"]

1. e4 e5 2. Nf3 d6 3. Bc4 h6 4. d3 Bg4 5. h3 Bh5 6. g4 Bg6 7. O-O Be7 8. Nc3 c6
9. a4 h5 10. h4 hxg4 11. Ng5 Rxh4 12. Qd2 Nh6 13. b4 Qd7 14. b5 f5 15. b6 axb6
16. Bb2 fxe4 17. Rfe1 exd3 18. Nce4 dxc2 19. Qxc2 Bxg5 20. Qb3 Bxe4 21. Rxe4 Qe7
22. Re2 Nd7 23. a5 b5 24. Bd3 Qf6 25. Bc3 Nc5 26. Bxe5 Nxb3 27. Bxf6+ Kf8 28.
Bxg5 Rh3 29. Be7+ Kg8 30. Rae1 Rxd3 31. Bg5 Rf8 32. Be7 Rf7 33. Bg5 Nxa5 34.
Re8+ Kh7 35. Kg2 Rh3 36. Bd2 Nf5 37. Bxa5 Nh4+ 38. Kg1 Nf3+ 39. Kf1 Rh2 40. R1e4
Rh1+ 41. Kg2 Rg1# 0-1

[Event "Let's Play Chess!"]
[Site "http://www.queenalice.com/game.php?id=1412870"]
[Date "2016.3.13"]
[Round "-"]
[White "sejalivre"]
[Black "igorjava"]
[Result "0-1"]
[WhiteElo "1562"]
[BlackElo "1930"]

1. e4 c5 2. Nf3 d6 3. Nc3 Nf6 4. d4 cxd4 5. Qxd4 Nc6 6. Qa4 Bd7 7. Bd3 Ne5 8.
Qb4 Nxf3+ 9. gxf3 Rb8 10. Be3 a6 11. O-O-O a5 12. Qd4 b5 13. Rhg1 Rb7 14. e5
dxe5 15. Qc5 b4 16. Nd5 Nxd5 17. Qxd5 Qc7 18. b3 e6 19. Qe4 a4 20. h4 axb3 21.
axb3 Rb8 22. h5 Bc6 23. Qg4 Ra8 24. h6 g6 25. f4 Bd5 26. fxe5 Qc3 27. Bb5+ Kd8
28. Rxd5+ Kc8 29. Bg5 Ra1# 0-1

[Event "Let's Play!"]
[Site "http://www.queenalice.com/game.php?id=1412886"]
[Date "2016.3.13"]
[Round "-"]
[White "sejalivre"]
[Black "digger"]
[Result "0-1"]
[WhiteElo "1572"]
[BlackElo "1649"]

1. e4 e5 2. Nf3 Nc6 3. Bc4 Qf6 4. d3 Bb4+ 5. Nc3 d6 6. a3 Bxc3+ 7. bxc3 Na5 8.
Ng5 h6 9. Bxf7+ Ke7 10. O-O hxg5 11. Ba2 Be6 12. d4 Rd8 13. d5 Bf7 14. Rb1 Bg6
15. c4 Bxe4 16. c5 dxc5 17. Rb5 b6 18. c4 Nh6 19. f3 Bf5 20. a4 Bd7 21. Rb2 Nf5
22. Bb1 Nxc4 23. d6+ cxd6 24. Re2 Nd4 25. Ra2 g6 26. g4 a6 27. a5 Nxa5 28. Bd2
Ndb3 29. f4 gxf4 30. Bxa5 bxa5 31. Qxb3 a4 32. Qb7 Ra8 33. Re2 g5 34. Be4 a5 35.
Qb1 Rab8 36. Qa2 Bb5 37. Rb2 Qe6 38. Qa3 Bxf1 39. Bb7 Bc4 40. Be4 Qxg4+ 41. Kh1
Qd1+ 42. Kg2 Qf1# 0-1

[Event "Challenge"]
[Site "http://www.queenalice.com/game.php?id=1412898"]
[Date "2016.3.9"]
[Round "-"]
[White "sejalivre"]
[Black "tucuman"]
[Result "0-1"]
[WhiteElo "1548"]
[BlackElo "1698"]

1. e4 e5 2. Nf3 d6 3. Bc4 h6 4. d3 a6 5. Be3 Nf6 6. Nc3 Nc6 7. a3 Bd7 8. O-O Be7
9. d4 exd4 10. Bxd4 Nxd4 11. Nxd4 O-O 12. b4 b5 13. Bb3 c6 14. Nf5 Bxf5 15. exf5
Qd7 16. g4 Nh7 17. Qf3 Ng5 18. Qg3 Rfe8 19. Rfe1 Bf6 20. h4 Nh7 21. g5 hxg5 22.
h5 Qxf5 23. a4 g4 24. h6 gxh6 25. Qxd6 Bxc3 26. Red1 Be5 27. Qxc6 Qf4 28. axb5
Qh2+ 29. Kf1 Qh3+ 30. Qg2 Bxa1 31. Rxa1 Qxg2+ 32. Kxg2 axb5 33. Rd1 Nf6 34. Kg3
Rad8 35. Rh1 Kg7 36. f4 Re3+ 37. Kf2 Rf3+ 38. Ke2 Re8+ 39. Kd2 Ne4+ 40. Kc1 Rxf4
41. c4 bxc4 42. Bc2 Nc3 43. Kb2 Rf2 44. Rh4 f5 45. Kxc3 Kf6 46. Rxh6+ Kg5 47.
Rh7 Rc8 48. Rg7+ Kf4 49. Rf7 Kg5 50. b5 Rb8 51. Kxc4 Rxc2+ 52. Kb3 Rc1 53. Rg7+
Kf4 54. Rd7 Rb1+ 55. Kc4 R8xb5 56. Kc3 g3 57. Rg7 Rd1 58. Kc4 Rb8 59. Ra7 Rc8+
60. Kb5 Rb1+ 61. Ka6 Rcb8 0-1

[Event "Let's Play Chess!"]
[Site "http://www.queenalice.com/game.php?id=1413320"]
[Date "2016.3.13"]
[Round "-"]
[White "sejalivre"]
[Black "ketchuplover"]
[Result "0-1"]
[WhiteElo "1560"]
[BlackElo "1882"]

1. e4 c6 2. Nc3 d5 3. exd5 cxd5 4. d4 a6 5. Bf4 Nf6 6. h3 Nc6 7. Bd3 g6 8. Nf3
Bg7 9. Ng5 O-O 10. Qf3 Nxd4 11. Qe3 Ne6 12. Nxh7 Kxh7 13. O-O-O Nxf4 14. Qxf4
Bh6 15. Qxh6+ Kxh6 16. g4 Be6 17. f3 Kg7 18. h4 Qc7 19. g5 Qf4+ 20. Kb1 Nh5 21.
Na4 Qxa4 22. Rhf1 Qxh4 23. a4 b5 24. axb5 axb5 25. Bxb5 Rfb8 26. Bd3 Qb4 27. b3
Qc3 0-1

[Event "Let's Play Chess!"]
[Site "http://www.queenalice.com/game.php?id=1413607"]
[Date "2016.3.15"]
[Round "-"]
[White "sejalivre"]
[Black "staleen"]
[Result "1-0"]
[WhiteElo "1557"]
[BlackElo "1538"]

1. d4 d5 2. c4 e6 3. Bf4 Nf6 4. e3 Be7 5. Nf3 O-O 6. Bh6 gxh6 7. Ne5 Nc6 8. Bd3
Kh8 9. O-O Ne4 10. Qh5 Nxe5 11. Qxe5+ Bf6 12. Qh5 Bg7 13. c5 f5 14. b4 Qg5 15.
Qd1 Rg8 16. b5 Bxd4 17. exd4 1-0

[Event "Challenge"]
[Site "http://www.queenalice.com/game.php?id=1413615"]
[Date "2016.3.15"]
[Round "-"]
[White "sejalivre"]
[Black "tucuman"]
[Result "0-1"]
[WhiteElo "1559"]
[BlackElo "1676"]

1. d4 d5 2. f4 f5 3. Nc3 e6 4. Nh3 h6 5. e3 Nf6 6. Bb5+ Bd7 7. O-O a6 8. Bxd7+
Nbxd7 9. Qe2 Bd6 10. a3 Qe7 11. b4 b5 12. g4 fxg4 13. Nf2 h5 14. e4 dxe4 15.
Nfxe4 Nxe4 16. Qxe4 Nb6 17. f5 O-O 18. f6 gxf6 19. Qg6+ Qg7 20. Qxh5 Qh7 21.
Qxg4+ Qg7 22. Qxg7+ Kxg7 23. Rf3 Rh8 24. Ne4 Bxh2+ 25. Kf1 f5 26. Nc5 Kf6 27.
Be3 Rag8 28. Ke2 Bd6 29. Nb7 Rh2+ 30. Kd3 Be7 31. d5 e5 32. Rff1 Nxd5 33. Bd2
Rg3+ 34. Be3 Rxe3# 0-1

[Event "Challenge"]
[Site "http://www.queenalice.com/game.php?id=1417777"]
[Date "2016.4.11"]
[Round "-"]
[White "tucuman"]
[Black "sejalivre"]
[Result "1-0"]
[WhiteElo "1668"]
[BlackElo "1538"]

1. e4 e5 2. Bc4 Nf6 3. d3 Bc5 4. h3 Nc6 5. Nf3 h6 6. a3 d6 7. Nc3 Nh5 8. Nxe5
Nxe5 9. Qxh5 g6 10. Qe2 O-O 11. O-O h5 12. Nd5 a6 13. Bf4 Bxh3 14. gxh3 Qh4 15.
Bxe5 dxe5 16. Kh2 g5 17. Kg2 g4 18. hxg4 hxg4 19. Ne3 Qh3+ 20. Kg1 Kh8 21. Nxg4
Rg8 22. Bxf7 Kg7 23. Bxg8 Rxg8 24. Nh2 Kf7+ 25. Kh1 Rh8 26. f3 Be3 27. Qg2 Bf4
28. Qxh3 Rxh3 29. Rf2 c5 30. c4 Be3 31. Rg2 b5 32. cxb5 axb5 33. b4 c4 34. dxc4
bxc4 35. Raa2 c3 36. Rac2 1-0